IFM Opac

The brooking model: some further results (Record no. 14230)

MARC details
000 -LEADER
fixed length control field 00410nam a22001457a 4500
082 ## - DEWEY DECIMAL CLASSIFICATION NUMBER
Classification number 330.0151DUE
100 ## - MAIN ENTRY--PERSONAL NAME
Personal name Duesenberry, J.S.
245 ## - TITLE STATEMENT
Title The brooking model: some further results
260 ## - PUBLICATION, DISTRIBUTION, ETC.
Place of publication, distribution, etc. London
Name of publisher, distributor, etc. North-Hollan Company
Date of publication, distribution, etc. 1969
300 ## - PHYSICAL DESCRIPTION
Extent xi,519p
Other physical details ill,:25cm
500 ## - GENERAL NOTE
General note Includes Index
650 ## - SUBJECT ADDED ENTRY--TOPICAL TERM
Topical term or geographic name entry element The brooking model: some further results
700 ## - ADDED ENTRY--PERSONAL NAME
Personal name Fromm, G.F. and Klein L.R.
942 ## - ADDED ENTRY ELEMENTS (KOHA)
Koha item type Books
Holdings
Withdrawn status Lost status Damaged status Not for loan Home library Current library Shelving location Date acquired Total Checkouts Full call number Barcode Date last seen Price effective from Koha item type
Withdrawn       IFM Main Campus Library IFM Main Campus Library Archival Collection 11/24/2015   330.0151DUE 0000009234 11/24/2015 02/19/2022 Books